00614nam a2200181 a 4500008004100000020001500041050001600056100002400072245009500096260003300191300001700224350000900241500004100250650002600291650006400317650003700381650001400418120416s1990 ||||||||||||||||| || u a0070346410 aHF 1379 Int aKing, Philip, 1956-10aInternational economics and international economic policy: a readercedited by Philip King aNew York:bMcGraw-Hillc1990 a446p. : ill. a0.00 aIncludes bibliographical references. aINTERNATIONAL FINANCE 0aINTERNATIONAL ECONOMIC RELATIONS--HANDBOOKS, MANUALS, E.T.C 0aINTERNATIONAL ECONOMIC RELATIONS 0aECONOMICS